Catálogo
 En Linea

de Eckhart a Heidegger : (Registro nro. 22351)

Detalles MARC
000 -CABECERA
campo de control de longitud fija 00762nam a2200205 a 4500
001 - NÚMERO DE CONTROL
campo de control 000022854
005 - FECHA Y HORA DE LA ÚLTIMA TRANSACCIÓN
campo de control 20200930021834.0
008 - DATOS DE LONGITUD FIJA--INFORMACIÓN GENERAL
campo de control de longitud fija 101119s1973 mx r 000 0 spa d
040 ## - FUENTE DE LA CATALOGACIÓN
Centro catalogador/agencia de origen DO-SdBNP
Lengua de catalogación spa
Centro/agencia transcriptor BNPHU
082 ## - NÚMERO DE LA CLASIFICACIÓN DECIMAL DEWEY
Número de clasificación xxxx
Número de documento/Ítem F911f
049 ## - FONDOS LOCALES (OCLC)
Fondos de biblioteca BNGR
100 1# - ENTRADA PRINCIPAL--NOMBRE DE PERSONA
Nombre de persona Friedrich Sauer, Ernst
9 (RLIN) 46966
245 10 - MENCIÓN DE TÍTULO
Título de Eckhart a Heidegger :
Resto del título presentación, crítica y juicio sobre sus filosofías /
Mención de responsabilidad, etc. Ernst Friedrich Sauer ; traducción María Martínez Peñaloza.
260 ## - PUBLICACIÓN, DISTRIBUCIÓN, ETC.
Lugar de publicación, distribución, etc. México, D. F. :
Nombre del editor, distribuidor, etc. Fondo de Cultura Económica,
Fecha de publicación, distribución, etc. 1973.
300 ## - DESCRIPCIÓN FÍSICA
Extensión 307 p. ;
Dimensiones 17 cm.
490 1# - MENCIÓN DE SERIE
Mención de serie Filósofos alemanes ;
Designación de volumen o secuencia 231
500 ## - NOTA GENERAL
Nota general Incluye notas al pie de las páginas.
700 1# - PUNTO DE ACCESO ADICIONAL--NOMBRE DE PERSONA
Nombre de persona Martínez Peñaloza, María,
Término indicativo de función/relación tr.
9 (RLIN) 46967
830 #0 - PUNTO DE ACCESO ADICIONAL DE SERIE-TÍTULO UNIFORME
Título uniforme Filósofos alemanes ;
Número de parte o sección de la obra 231
9 (RLIN) 46968
Existencias
Estado de retiro Estado de pérdida Restricciones de uso No para préstamo Código de colección Localización permanente Ubicación/localización actual Ubicación en estantería Fecha de adquisición Número de inventario Total de préstamos Signatura topográfica completa Código de barras Fecha visto por última vez Precio válido a partir de Tipo de ítem Koha
        Monografías: Libros y Folletos General General En catalogación 19.11.2010 LF1   xxxx F911f 22854-10 25.06.2020 25.06.2020 Préstamo en sala

Con tecnología Koha